Score 0/126 Timer 14:00
0 Plays Today
County % Correct
Comanche
89.8%
Jack
89.8%
Burnet
88.5%
San Saba
88.5%
Llano
87.9%
Childress
87.9%
Bailey
87.3%
Gonzales
87.3%
Hamilton
87.3%
Jasper
87.3%
Brewster
86.6%
Haskell
86.6%
Dallam
86%
Madison
86%
Hemphill
85.4%
Hill
85.4%
Jeff Davis
85.4%
Coleman
84.7%
Crane
84.7%
Dimmit
84.7%
Eastland
84.7%
Mason
84.7%
Refugio
84.7%
Lipscomb
84.1%
San Augustine
84.1%
Lee
83.4%
Loving
83.4%
Presidio
83.4%
Sterling
83.4%
Zavala
83.4%
Jackson
82.8%
Karnes
82.8%
Throckmorton
82.8%
Colorado
82.2%
Menard
82.2%
Pecos
82.2%
Blanco
81.5%
Crockett
81.5%
Dickens
81.5%
Floyd
81.5%
Wheeler
81.5%
Castro
80.9%
County % Correct
Coke
80.9%
Ochiltree
80.9%
Roberts
80.9%
Borden
80.3%
Montague
80.3%
Reagan
80.3%
Wood
80.3%
Hall
79.6%
King
79.6%
Concho
79%
Jim Hogg
79%
Sutton
79%
Gaines
78.3%
Real
78.3%
Terrell
78.3%
Upton
78.3%
Yoakum
78.3%
Young
78.3%
Fannin
77.7%
Frio
77.7%
Mills
77.7%
Baylor
77.1%
Camp
77.1%
Cass
77.1%
Edwards
77.1%
Foard
77.1%
Garza
76.4%
Hartley
76.4%
Parmer
76.4%
Runnels
76.4%
San Jacinto
76.4%
Winkler
76.4%
Lamb
75.8%
Kent
75.8%
Kinney
75.8%
Live Oak
75.8%
Culberson
75.2%
DeWitt
75.2%
Duval
75.2%
Franklin
75.2%
Hansford
75.2%
Kimble
75.2%
County % Correct
McMullen
75.2%
Red River
75.2%
Terry
75.2%
Ward
75.2%
Fayette
75.2%
Briscoe
74.5%
Brooks
74.5%
Cochran
74.5%
Hardeman
74.5%
Milam
74.5%
Freestone
73.9%
Grimes
73.9%
Knox
73.9%
Lavaca
73.9%
Leon
73.9%
Polk
73.9%
Shackelford
73.9%
Sherman
73.9%
Bosque
73.2%
Collingsworth
73.2%
Donley
73.2%
Limestone
73.2%
Sabine
73.2%
Shelby
73.2%
Van Zandt
73.2%
Cottle
72.6%
Schleicher
72.6%
Swisher
72.6%
Tyler
72.6%
Morris
72%
Motley
72%
Fisher
71.3%
La Salle
71.3%
Stonewall
71.3%
Panola
70.7%
Rains
70.7%
Delta
70.1%
Marion
68.8%
McCulloch
68.8%
Mitchell
68.8%
Stephens
68.2%
Houston
66.9%
Remove Ads.
Support Sporcle.
Get the best of Sporcle when you Go Orange. This ad-free experience offers more features, more stats, and more fun while also helping to support Sporcle. Thank you for becoming a member.

You're not logged in!

Compare scores with friends on all Sporcle quizzes.
OR
Log In

Show Comments

Extras

Top Quizzes Today


Score Distribution

Your Account Isn't Verified!

In order to create a playlist on Sporcle, you need to verify the email address you used during registration. Go to your Sporcle Settings to finish the process.

Report this User

Report this user for behavior that violates our Community Guidelines.

Details: